| 000 | 00806nam a2200193Ii 4500 | ||
|---|---|---|---|
| 003 | JO-AjNU | ||
| 008 | 230605s9999||||xx |||||||||||||| ||und|| | ||
| 040 |
_aJO-AjNU _bara _erda _cJO-AjNU |
||
| 041 | _aara | ||
| 050 | 1 | 4 | _aGV721.5.B32 |
| 100 | 3 |
_aبدوي، عصام, _eauthor _934797 |
|
| 245 | 0 | 0 | _aالتنظيم والإدارة في التربية البدنية والرياضية: تنظيم وادارة الالعاب الأولمبية |
| 264 | 3 | 1 | _aالقاهرة: مكتبة النهضة العربية، د.ت |
| 300 | _a249ص | ||
| 336 |
_atext _btxt _2rdacontent |
||
| 337 |
_aunmediated _bn _2rdamedia |
||
| 338 |
_avolume _bnc _2rdacarrier |
||
| 650 | 4 |
_aالتربية البدنية - التربية الرياضية -الالعاب الاولمبية - تنظيم وادارة _934798 |
|
| 999 |
_aA14303 _c17871 _d17871 |
||